<?xml version="1.0" encoding="UTF-8"?>
<record
    xmlns:xsi="http://www.w3.org/2001/XMLSchema-instance"
    xsi:schemaLocation="http://www.loc.gov/MARC21/slim http://www.loc.gov/standards/marcxml/schema/MARC21slim.xsd"
    xmlns="http://www.loc.gov/MARC21/slim">

  <leader>01113nam a2200241 i 4500</leader>
  <controlfield tag="001">17712</controlfield>
  <controlfield tag="003">ES-MaACL</controlfield>
  <controlfield tag="005">20230906151640.0</controlfield>
  <controlfield tag="007">t|</controlfield>
  <controlfield tag="008">010508s1963    sp f         |||| | spa d</controlfield>
  <datafield tag="080" ind1=" " ind2=" ">
    <subfield code="a">616.346.2-002(08)</subfield>
  </datafield>
  <datafield tag="100" ind1="1" ind2=" ">
    <subfield code="a">Faro Moreno, Jes&#xFA;s Mar&#xED;a.</subfield>
    <subfield code="9">48879</subfield>
  </datafield>
  <datafield tag="245" ind1="1" ind2="0">
    <subfield code="a">Falsos s&#xED;ndromes apendiculares </subfield>
    <subfield code="b">: diagn&#xF3;stico diferencial cl&#xED;nico / </subfield>
    <subfield code="c">por Jes&#xFA;s Mar&#xED;a Faro Moreno . M&#xE9;todos de diagn&#xF3;sticos complementarios en las seudoapendicopat&#xED;as cr&#xF3;nicas / por Ram&#xF3;n Celma Delgado . Seudo-apendicitis cr&#xF3;nicas en la infancia / por Abel Ramiro Garc&#xED;a.</subfield>
  </datafield>
  <datafield tag="260" ind1=" " ind2=" ">
    <subfield code="a">Zaragoza : </subfield>
    <subfield code="b">Instituci&#xF3;n "Fernando el Cat&#xF3;lico", </subfield>
    <subfield code="c">1963.</subfield>
  </datafield>
  <datafield tag="300" ind1=" " ind2=" ">
    <subfield code="a">207 p., [12] h. de l&#xE1;m. ; </subfield>
    <subfield code="c">25 cm.</subfield>
  </datafield>
  <datafield tag="594" ind1=" " ind2=" ">
    <subfield code="a">IV Jornadas M&#xE9;dicas Aragonesas, Zaragoza, 18-22 mayo 1963. Ponencia Seudo-apendicitis I.</subfield>
  </datafield>
  <datafield tag="650" ind1="1" ind2="4">
    <subfield code="a">Apendicitis.</subfield>
    <subfield code="9">9917</subfield>
  </datafield>
  <datafield tag="700" ind1="1" ind2=" ">
    <subfield code="a">Celma Delgado, Ram&#xF3;n.</subfield>
    <subfield code="9">37375</subfield>
  </datafield>
  <datafield tag="700" ind1="1" ind2=" ">
    <subfield code="a">Ramiro Garc&#xED;a, Antonio Abel.</subfield>
    <subfield code="9">95187</subfield>
  </datafield>
  <datafield tag="710" ind1="2" ind2=" ">
    <subfield code="a">Instituci&#xF3;n "Fernando el Cat&#xF3;lico"</subfield>
    <subfield code="9">4721</subfield>
  </datafield>
  <datafield tag="711" ind1="2" ind2=" ">
    <subfield code="a">Jornadas M&#xE9;dicas Aragonesas (</subfield>
    <subfield code="n">4&#xBA;. </subfield>
    <subfield code="d">1963. </subfield>
    <subfield code="c">Zaragoza)</subfield>
    <subfield code="9">836</subfield>
  </datafield>
  <datafield tag="852" ind1=" " ind2=" ">
    <subfield code="a">ES-MaACL</subfield>
    <subfield code="j">A-275</subfield>
  </datafield>
  <datafield tag="999" ind1=" " ind2=" ">
    <subfield code="c">17712</subfield>
    <subfield code="d">17712</subfield>
  </datafield>
  <datafield tag="952" ind1=" " ind2=" ">
    <subfield code="0">0</subfield>
    <subfield code="1">0</subfield>
    <subfield code="4">0</subfield>
    <subfield code="7">0</subfield>
    <subfield code="a">ATENEOM</subfield>
    <subfield code="b">ATENEOM</subfield>
    <subfield code="c">SPP1</subfield>
    <subfield code="d">2008-01-17</subfield>
    <subfield code="e">SC</subfield>
    <subfield code="l">0</subfield>
    <subfield code="o">A-275</subfield>
    <subfield code="p">1018068</subfield>
    <subfield code="r">2023-02-23 00:00:00</subfield>
    <subfield code="w">2023-02-23</subfield>
    <subfield code="y">MONOGRAFIA</subfield>
  </datafield>
</record>
